00979nam a2200277Ia 450000500170000000800410001702000150005810000280007324501130010125000190021430000430023349000250027665000430030165000470034465000380039170000390042970000380046894200150050626400310052133600270055233700330057933800280061204000350064008400110067599900150068620220317000746.0160601s2005 sp a g 000 0 spa  a84261344401 aLindgren, Astridd1907-10aMío, mi pequeño mío cAstrid Lindgren ; traducción de Herminia Dauer ; ilustraciones de Ilon Wikland a1a. edición  a143 páginas bilustraciones c22 cm  aColección juventud142LEMBaNovela infantil sueca ySiglo XX142LEMBaLiteratura infantil sueca ySiglo XX142LEMBaAventuras en la literatura 1 aDauer, Herminiaetraductor 9541301 aWikland, Iloneilustrador 917401 2loccBKINF aBarcelona bJuventudc2005 atextobtxt2rdacontent asin mediaciónbn2rdamedia avolumenbnc2rdacarrier aCO-BoRNBPbspaerdacCO-BoRNBP aN LIN3 c4975d4975